00473nam a2200169Ia 4500008004100000041000800041082001500049100001400064245007100078250001200149260003200161300000900193365001600202700003000218906003600248999001900284230714s9999 xx 000 0 und d aeng a620.1bBEE aBeer F.P. aVector Machanics For EngineersbStatics And Dynamics (In SI Units) a8th ed. c2008bTata McGraw-Hill Pub. a1326 cRs.b525.00 aBeer F.P. & Johnston E.R. dB:723021-Jan-2009cALLIEDb3465 c195699d195699